|
|
|
|
| LEADER |
01668nam a2200433Ia 4500 |
| 001 |
EBC589794 |
| 003 |
MiAaPQ |
| 005 |
20200520144314.0 |
| 006 |
m o d | |
| 007 |
cr cn||||||||| |
| 008 |
100429s2010 dcu sb 000 0 eng d |
| 010 |
|
|
|z 2010016655
|
| 020 |
|
|
|z 9780821384152
|
| 020 |
|
|
|a 9780821384350 (electronic bk.)
|
| 035 |
|
|
|a (MiAaPQ)EBC589794
|
| 035 |
|
|
|a (Au-PeEL)EBL589794
|
| 035 |
|
|
|a (CaPaEBR)ebr10408457
|
| 035 |
|
|
|a (CaONFJC)MIL272572
|
| 035 |
|
|
|a (OCoLC)663975838
|
| 040 |
|
|
|a MiAaPQ
|c MiAaPQ
|d MiAaPQ
|
| 050 |
|
4 |
|a HD1698.L5
|b H33 2010
|
| 082 |
0 |
4 |
|a 333.910096885
|2 22
|
| 100 |
1 |
|
|a Haas, Lawrence J. M.
|
| 245 |
1 |
0 |
|a Lesotho Highlands water project
|h [electronic resource] :
|b communication practices for governance and sustainability improvement /
|c Lawrence J.M. Haas, Leonardo Mazzei, Donal T. O'Leary.
|
| 260 |
|
|
|a Washington, D.C. :
|b World Bank,
|c c2010.
|
| 300 |
|
|
|a xiv, 40 p.
|
| 490 |
1 |
|
|a World Bank working paper ;
|v no. 200
|
| 504 |
|
|
|a Includes bibliographical references.
|
| 533 |
|
|
|a Electronic reproduction. Ann Arbor, MI : ProQuest, 2015. Available via World Wide Web. Access may be limited to ProQuest affiliated libraries.
|
| 650 |
|
0 |
|a Water-supply
|z Lesotho
|x Management.
|
| 650 |
|
0 |
|a Water resources development
|z Lesotho.
|
| 650 |
|
0 |
|a Integrated water development
|z Lesotho.
|
| 655 |
|
4 |
|a Electronic books.
|
| 700 |
1 |
|
|a Mazzei, Leonardo,
|d 1973-
|
| 700 |
1 |
|
|a O'Leary, Donal.
|
| 710 |
2 |
|
|a World Bank.
|
| 710 |
2 |
|
|a ProQuest (Firm)
|
| 830 |
|
0 |
|a World Bank working paper ;
|v no. 200.
|
| 856 |
4 |
0 |
|u https://ebookcentral.proquest.com/lib/matrademy/detail.action?docID=589794
|z Click to View
|